Professional service marketing handbook: How to build relationships, grow your firm and become a client champion (Record no. 16005)

MARC details
000 -LEADER
fixed length control field 00529nam a2200169Ia 4500
008 - FIXED-LENGTH DATA ELEMENTS--GENERAL INFORMATION
fixed length control field 230917s9999||||xx |||||||||||||| ||und||
020 ## - ISBN
Price GBP29.99
040 ## - CATALOGING SOURCE
-- 228200
Original cataloging agency VIVEKANANDA LIBRARY
041 ## - Language
-- English
082 ## - DDC NUMBER
Classification number 658.8 C548P
100 ## - MAIN ENTRY--PERSONAL NAME
Personal name Clark, Nigel, ed.
245 #0 - TITLE STATEMENT
Title Professional service marketing handbook: How to build relationships, grow your firm and become a client champion
260 ## - PUBLICATION, DISTRIBUTION, ETC. (IMPRINT)
Place of publication, distribution, etc London
Name of publisher, distributor, etc Kogan Page
Date of publication, distribution, etc 2015
300 ## - PHYSICAL DESCRIPTION
Pages x, 262 p.
500 ## - GENERAL NOTE
General note 2113 11/09/2015 HBD15/6497 21/09/2015 Main Budget
942 ## - ADDED ENTRY ELEMENTS (KOHA)
Koha item type Books
Holdings
Withdrawn status Lost status Damaged status Not for loan Location (home branch) Sublocation or collection (holding branch) Shelving location Date acquired Koha issues (times borrowed) Koha full call number Accession No. Koha date last seen Koha item type
        VIVEKANANDA LIBRARY VIVEKANANDA LIBRARY IMSAR Library 03/02/2016   658.8 C548P 351141 17/09/2023 Books
        VIVEKANANDA LIBRARY VIVEKANANDA LIBRARY IMSAR Library 03/02/2016   658.8 C548P 354254 17/09/2023 Books
        VIVEKANANDA LIBRARY VIVEKANANDA LIBRARY IMSAR Library 03/02/2016   658.8 C548P 359120 17/09/2023 Books
© Designed and Maintained by Vivekananda Library, MDU Rohtak